000 00468nam a2200169 i 4500
001 bg
100 1 _aOLEKSIUK, Waldemar
245 0 _aKonstrukcja mechanicznych zespołów sprzętu elektronicznego /
_cWaldemar Oleksiuk, Krzysztof Paprocki.
260 _aWarszawa,
_c1989.
650 9 _aElektronika
_xurządzenia
700 1 _aPAPROCKI, Krzysztof
040 _cBPK
041 _apol
080 _a621.38
942 _cKS
008 s pl f |000 0 pol
999 _c3927
_d3927
856 _uhttp://koha.tu.koszalin.pl/cgi-bin/koha/opac-detail.pl?biblionumber=3927
_yKatalog online BPK